Normal view
MARC view
- Frank White (Author)
Entry Personal Name
001 - CONTROL NUMBER
- control field: 129196
003 - CONTROL NUMBER IDENTIFIER
- control field: NUST
005 - DATE AND TIME OF LATEST TRANSACTION
- control field: 20250624160911.0
008 - FIXED-LENGTH DATA ELEMENTS
- fixed length control field: 250624|| aca||aabn | a|a d
040 ## - CATALOGING SOURCE
- Original cataloging agency: NUST
- Transcribing agency: NUST
100 ## - HEADING--PERSONAL NAME
- Personal name: Frank White (Author)
670 ## - SOURCE DATA FOUND
- Source citation: Work cat.: (NUST): Frank White (Author), Fluid Mechanics , January 16, 2015
